| 000 | 00557nam a2200169 a 4500 | ||
|---|---|---|---|
| 001 | 000034977 | ||
| 005 | 20200930074026.0 | ||
| 008 | 111024s1965 it 000 0 spa d | ||
| 040 |
_aDO-SdBNP _bspa _cBNPHU |
||
| 082 |
_axxxx _bB851h |
||
| 100 | 1 |
_aBridges, J. K. _960576 |
|
| 245 | 1 | 0 |
_aHistoria de las comunicaciones : transportes terrestres. / _cJ. K. Brigges. |
| 260 |
_aPamplona, Italia : _bSalvat Ediciones, _c1965. |
||
| 300 |
_a72 p. : _bil., retr. |
||
| 590 | _aPerteneció a la biblioteca personal de Juan Isidro Jimenes Grullón. | ||
| 049 | _aBNGR | ||
| 999 |
_c34468 _d34468 |
||